Enigmas del ocultismo / (Record no. 135298)

MARC details
000 -LEADER
campo de control de longitud fija 00647nam a2200217 i 4500
001 - NÚMERO DE CONTROL
campo de control 135298
003 - IDENTIFICADOR DE NÚMERO DE CONTROL
campo de control ES-MaACL
005 - FECHA Y HORA DE LA ÚLTIMA TRANSACCIÓN
campo de control 20250814053137.0
007 - CAMPO FIJO DE DESCRIPCIÓN FÍSICA--INFORMACIÓN GENERAL
campo de control de longitud fija t|
008 - DATOS DE LONGITUD FIJA--INFORMACIÓN GENERAL
campo de control de longitud fija 070716s1972 sp ||||1| spa d
080 ## - NÚMERO DE LA CLASIFICACIÓN DECIMAL UNIVERSAL
Número de la Clasificación Decimal Universal 133
100 1# - ENTRADA PRINCIPAL--NOMBRE DE PERSONA
Nombre de persona Tondriau, Julien.
9 (RLIN) 110566
245 10 - MENCIÓN DEL TÍTULO
Título Enigmas del ocultismo /
Mención de responsabilidad, etc. Julien Tondriau ; traducción de Julio Moreno Bernardo.
250 ## - MENCION DE EDICION
Mención de edición [1ª ed. de bolsillo].
260 ## - PUBLICACIÓN, DISTRIBUCIÓN, ETC.
Lugar de publicación, distribución, etc. Madrid :
Nombre del editor, distribuidor, etc. Daimon,
Fecha de publicación, distribución, etc. [1972]
300 ## - DESCRIPCIÓN FÍSICA
Extensión 240 p., 6 h. :
Otras características físicas il. ;
Dimensiones 18 cm.
650 #7 - PUNTO DE ACCESO ADICIONAL DE MATERIA--TÉRMINO DE MATERIA
Término de materia o nombre geográfico como elemento de entrada Ocultismo
Fuente del encabezamiento o término embne
9 (RLIN) 15681
700 1# - ENTRADA AGREGADA--NOMBRE PERSONAL
Nombre de persona Moreno Bernardo, Julio.
9 (RLIN) 83332
852 ## - LOCALIZACIÓN
Ubicación ES-MaACL
Número de control de estantería C-52762
Sublocalización o colección R.83970
Holdings
Estatus retirado Estado de pérdida Estado de daño No para préstamo Biblioteca de origen Biblioteca actual Ubicación en estantería Fecha de adquisición Fuente de adquisición Total de préstamos Signatura topográfica completa Código de barras Visto por última vez Precio de reemplazo Tipo de ítem Koha
        Biblioteca del Ateneo de Madrid Biblioteca del Ateneo de Madrid Depósito 2 17/01/2008     C-52762 1140821 23/02/2023 23/02/2023 Libro impreso